| 000 | 00581nam a2200181 a 4500 | ||
|---|---|---|---|
| 001 | 000024098 | ||
| 005 | 20200930022721.0 | ||
| 008 | 110118s1941 ag r 000 0 spa d | ||
| 040 |
_aDO-SdBNP _bspa _cBNPHU |
||
| 082 |
_axxxxx _bM385c |
||
| 100 | 1 |
_aMartínez Sierra, Gregorio, _d1881-1947 _920793 |
|
| 245 | 1 | 0 |
_aCartas a las mujeres de América / _cGregorio Martínez Sierra. |
| 260 |
_aBuenos Aires, Argentina : _bJuventud Argentina, _c1941. |
||
| 300 |
_a234 p. ; _c20.5 cm. |
||
| 490 | 1 | _aBiblioteca de la esfinge | |
| 830 | 0 |
_aBiblioteca de la esfinge _949503 |
|
| 049 | _aBNGR | ||
| 999 |
_c23593 _d23593 |
||